00458nam a2200193Ia 4500008004100000020001400041050001400055100002100069245002600090245002600116245002100142260001500163260001600178260000900194300001600203300002700219300001000246500000800256170918s9999 xx 000 0 und d a439263204 bS949 2002 aSullivan, George aIn their own words : bthe wright brothers / cGeorge Sullivan. aNew York : bScholastic, c2002 a127 pages : bcolored illustration ; c19cm. a750